|
|
|
|
| LEADER |
00000cam a2200000 a 4500 |
| 001 |
vtls011548113 |
| 003 |
SK-MaSNL |
| 005 |
20260302051731.0 |
| 008 |
240318s2015 xo dal f np 000 0 slo |
| 015 |
|
|
|a SNBA2016/06
|
| 020 |
|
|
|a 9788022542098
|q (brož.)
|
| 035 |
|
|
|a 9D9BB127-7C13-4DAC-A68C-D76EE7C508F0
|
| 035 |
|
|
|a urn:nbn:sk:snk-amtglb
|
| 035 |
|
|
|a urn:nbn:sk:snk-am00c0qb
|
| 040 |
|
|
|a SNK
|b slo
|c SNK
|e AACR2
|
| 041 |
0 |
|
|a slo
|
| 044 |
|
|
|a xo
|c SK
|
| 072 |
|
7 |
|a 004.7
|x Počítačové siete
|2 konspekt
|
| 080 |
|
|
|a 004.738.5
|2 2011
|
| 080 |
|
|
|a 004.775
|2 2011
|
| 080 |
|
|
|a 004.774:004.41
|2 2011
|
| 080 |
|
|
|a (075.8)
|2 2011
|
| 100 |
1 |
|
|a Schmidt, Peter,
|d 1968-
|4 aut
|9 165752
|
| 245 |
1 |
0 |
|a Úvod do tvorby webu
|c Peter Schmidt, Igor Bandurič
|
| 250 |
|
|
|a 1. vyd.
|
| 260 |
|
|
|a Bratislava
|b Ekonomická univerzita v Bratislave, Fakulta hospodárskej informatiky
|b Ekonóm
|c 2015
|
| 300 |
|
|
|a 118 s.
|b ilustr., sch.
|c 21 cm
|
| 366 |
|
|
|e 70 výt.
|
| 504 |
|
|
|a Bibliogr. odkazy
|
| 650 |
0 |
7 |
|a webové stránky
|2 SNKPH
|9 2008
|
| 650 |
0 |
7 |
|a webový dizajn
|2 SNKPH
|9 70314
|
| 650 |
0 |
7 |
|a Web sites
|2 SNKPHeng
|9 137179
|
| 650 |
0 |
7 |
|a Web design
|2 SNKPHeng
|9 350746
|
| 655 |
|
7 |
|a učebnice vysokých škôl
|2 SNKPH
|9 70191
|
| 655 |
|
7 |
|a Textbooks (higher)
|2 SNKPHeng
|9 276436
|
| 700 |
1 |
|
|a Bandurič, Igor
|4 aut
|9 76082
|
| 710 |
2 |
|
|a Ekonomická univerzita v Bratislave.
|b Fakulta hospodárskej informatiky
|4 pbl
|9 177163
|
| 852 |
|
|
|a Štátna vedecká knižnica v Banskej Bystrici
|
| 919 |
|
|
|a 978-80-225-4209-8
|
| 958 |
|
|
|a NB
|
| 958 |
|
|
|a UV
|
| 999 |
|
|
|c 1102333
|d 1104263
|
| 952 |
|
|
|a SNK
|b SNK
|y PREZ
|7 0
|p 17A1193679
|o snkSC 169465
|i snk2016/10756
|8 0
|0 0
|1 0
|4 0
|d 2016-04-26
|f 1
|l 0
|r 2026-02-24 17:34:55
|w 2026-02-24
|
| 952 |
|
|
|a SNK
|b SNK
|y VYP
|7 0
|p 17A1193680
|o snkSC 169465 D1
|i snk2016/10757
|8 0
|0 0
|1 0
|4 0
|d 2016-04-26
|l 0
|r 2026-02-24 17:34:55
|w 2026-02-24
|